000 00558nam a2200205 i 4500
001 bg
100 1 _aKUYPERS, Friedhelm
245 1 0 _aKlassische Mechanik :
_bmit 64 Beispielen und 133 Aufgaben mit Lösungen /
_cFriedhelm Kuypers.
260 _aWeinheim :
_bPhysik Verl.,
_c1983.
300 _a330 s. :
_brys., wykr. ;
_c24 cm.
504 _aIndeks.
650 9 _aMechanika
_ateoria
020 _a3876640709
040 _cBPK
041 0 _ade
080 _a531
920 _a3-87664-070-9
942 _cKS
008 s pl f |000 0 pol
999 _c35871
_d35871
856 _uhttp://koha.tu.koszalin.pl/cgi-bin/koha/opac-detail.pl?biblionumber=35871
_yKatalog online BPK